000
00333nam a2200133Ia 4500
008
220216s9999 xx 000 0 und d
100
_a
Venugopal P
245
0
_a
Future of NR: High prices, tough challenges
260
_b
Rubber Asia
_c
2010
300
_a
58-64,73
500
_a
Source Year: 2010
650
_a
NR price
942
_c
JS
999
_c
59701
_d
59701